000 00611nam a22002417a 4500
003 UA-OsUOA
001 126617
007 ta
008 20171101b un ||||| |||| 00| 0 ukr d
100 _aДебре Р.
090 _a141
_bД25
942 _cBK
040 _aUA-OsUOA
_bukr
_cUA-OsUOA
_dUA-OsUOA
245 _aІнтелектуальна влада у Франції
300 _a308 с.
955 _a1
041 _aukr
080 _a141
020 _a978-966-378-087-0
260 _aК.
_bДіх і Літера
_c2008
650 7 _a1 Філософські науки
_2UDC
999 _c413808
_d413808